Význam a postavenie dopravy v národnom hospodárstve

Vzťah dopravy a makroekonomiky. Definície základných pojmov a vzťahov medzi nimi. Makroekonomické ukazovatele dopravy, ich vyhodnotenie, informácie o ich dlhodobom vývoji. Vzťah dopravnej politiky SR a jej cieľov s ďalším vývojom.

Salvato in:
Dettagli Bibliografici
Autore principale: Mendrošová, Katarína
Natura: Capitolo di libro
Lingua:slovacco
Soggetti:
Tags: Aggiungi Tag
Nessun Tag, puoi essere il primo ad aggiungerne!!

MARC

LEADER 00000naa$a2200000$$$4500
001 0091478
005 20221128083623.5
041 0 |a slo 
044 |a SK 
245 1 0 |a Význam a postavenie dopravy v národnom hospodárstve  |c Katarína Mendrošová 
520 |a Vzťah dopravy a makroekonomiky. Definície základných pojmov a vzťahov medzi nimi. Makroekonomické ukazovatele dopravy, ich vyhodnotenie, informácie o ich dlhodobom vývoji. Vzťah dopravnej politiky SR a jej cieľov s ďalším vývojom. 
610 2 0 |a doprava 
610 2 0 |a vývoj 
610 2 0 |a makroekonomika 
610 2 0 |a ukazovatele makroekonomické 
610 2 0 |a hospodárstvo národné 
610 2 0 |a Slovensko 
100 1 |a Mendrošová, Katarína